000 00933nam a22002417a 4500
003 BD-DhSAU
005 20220926162143.0
008 150613b2021 bg a|||| m||| 00| 0 eng d
040 _aBD-DhSAU
082 _222
_a630.715
_bF269
100 _aFATIMA, MOST. KANIZ
_eRegistration # 19-10067
245 _aUse of modern onion cultivation practices by the farmers of pabna district /
_bMS thesis
260 _aSher-e-Bangla Agricultural University :
_bDepartment of Agricultural extension and information system,
_cJune, 2021
300 _aviii, 71p.:
_bill. , ;
_c30 cm.
504 _aIncludes bibliographical reference.
590 _aNazmul
650 _aonion cultivation
650 _afarmers of pabna district
700 _aMd. Abul Bashar
_eSuperviser
700 _aM. Zahidul Haque
_eCo-superviser
856 _uhttp://archive.saulibrary.edu.bd:8080/xmlui/handle/123456789/4177
942 _2ddc
_cTHESIS
999 _c16055
_d16054